| 000 | 01014cam a22003015a 4500 | ||
|---|---|---|---|
| 001 | 16627370 | ||
| 005 | 20160105142950.0 | ||
| 008 | 110125t2012 moua frb 001 0 eng d | ||
| 020 | _a9780323074179 (pbk.) | ||
| 040 |
_aDNLM/DLC _cDLC _dDLC _dEG-ScBUE _beng |
||
| 082 | 0 | 4 |
_a616.075 _222 _bDAI |
| 100 | 1 |
_aDains, Joyce E. _938979 |
|
| 245 | 1 | 0 |
_aAdvanced health assessment and clinical diagnosis in primary care / _cJoyce E. Dains, Linda Ciofu Baumann, Pamela Scheibel. |
| 250 | _a4th ed. | ||
| 260 |
_aMissouri : _bElsevier / Mosby, _cc.2012. |
||
| 300 |
_aviii, 520 p. : _bill. ; _c24 cm. |
||
| 500 | _aIndex : p. 469-520. | ||
| 504 | _aIncludes bibliographical references. | ||
| 650 | 7 |
_aDiagnosis, Differential. _2BUEsh _919647 |
|
| 650 | 0 |
_aMedical logic. _2BUEsh |
|
| 650 | 0 |
_aMedical history taking. _2BUEsh |
|
| 650 | 0 |
_aPhysical diagnosis. _2BUEsh |
|
| 651 | _2BUEsh | ||
| 653 |
_bNNUR _cJune2015 _cJanuary2016 |
||
| 700 | 1 | _aBaumann, Linda Ciofu. | |
| 700 | 1 | _aScheibel, Pamela. | |
| 942 | _2ddc | ||
| 999 |
_c20157 _d20129 |
||